Normal view
MARC view
- Ur Rehman, Ubaid
Entry Personal Name
001 - CONTROL NUMBER
- control field: 119653
003 - CONTROL NUMBER IDENTIFIER
- control field: NUST
005 - DATE AND TIME OF LATEST TRANSACTION
- control field: 20231211165238.0
008 - FIXED-LENGTH DATA ELEMENTS
- fixed length control field: 231211|| aca||aabn | a|a d
040 ## - CATALOGING SOURCE
- Original cataloging agency: NUST
- Transcribing agency: NUST
100 ## - HEADING--PERSONAL NAME
- Personal name: Ur Rehman, Ubaid
670 ## - SOURCE DATA FOUND
- Source citation: Work cat.: (NUST): Ur Rehman, Ubaid, NUMERICAL INVESTIGATION OF VORTEXINDUCED VIBRATIONS (VIV) OF A ROTATING CYLINDER IN IN-LINE AND CROSS-FLOW DIRECTIONS SUBJECTED TO OSCILLATORY FLOW /
